Take your camera to Egypt (Record no. 320393)

MARC details
000 -LEADER
fixed length control field 00252nam a2200097Ia 4500
082 ## - DEWEY DECIMAL CLASSIFICATION NUMBER
Classification number J 916.2 PARK
008 - FIXED-LENGTH DATA ELEMENTS--GENERAL INFORMATION
fixed length control field 210817s9999 xx 000 0 und d
100 ## - MAIN ENTRY--PERSONAL NAME
Personal name PARK, Ted Oxford, 2003
9 (RLIN) 85577
245 #0 - TITLE STATEMENT
Title Take your camera to Egypt
942 ## - ADDED ENTRY ELEMENTS
item type Books
Holdings
Withdrawn status Lost status Damaged status Not for loan Home library Current library Date acquired Cost, normal purchase price Total Checkouts Barcode Date last seen Price effective from item type
        Amsterdam P.L. Amsterdam P.L. 19.08.2021 135.00   33228019658002 19.08.2021 19.08.2021 Books